000 00502nam a22001577a 4500
999 _c534265
_d534265
020 _qHard Cover.
082 _a620.11
100 _aMazhar, Kamran
245 _aHeat Treatment of Aluminum Alloy A1-2618 /
_cKamran Mazhar
260 _aIslamabad:
_bSCME - NUST,
_c2014.
300 _a38 p. :
_bill. ;
_c30cm.
942 _2ddc
_cTHE
650 _aMaterials and Surface Enginering MS-Ph. D Thesis.
_928434
700 _aDr. Muhammad Mujahid
_919372